000 00693nam a2200241 a 4500
001 BRL_232
005 20190320210639.0
008 210513s1958----mx-a######---#000-0#spa-#
041 _aspa
044 _amx
050 4 _aF1219
_b.J56 1958
100 1 _aJiménez Moreno, Wigberto
_923304
245 1 0 _aHistoria antigua de México
_cWigberto Jiménez Moreno.
250 _a3
260 _aMéxico
_bEdiciones Mimeográficas de la S.A.E.N.A.H
_c1958
300 _a83 p.
_bil.
_c28 cm.
500 _aAu255
650 1 4 _aIndígenas de México
_94678
651 4 _aMéxico
_xHistoria
_ya 1519
_923305
651 4 _aMéxico
_xHistoria
_yConquista, 1519-1540
_9442
902 _aGRL
942 _2lcc
_cB
999 _c9045
_d9045